MARC details
| 000 -CABECERA |
| campo de control de longitud fija |
01254nam a2200361Ia 4500 |
| 001 - NÚMERO DE CONTROL |
| campo de control |
2993 |
| 008 - DATOS DE LONGITUD FIJA--INFORMACIÓN GENERAL |
| campo de control de longitud fija |
230305s2018 xx 000 0 und d |
| 020 ## - NÚMERO INTERNACIONAL ESTÁNDAR DEL LIBRO |
| Número Internacional Estándar del Libro |
9780194024204 |
| 043 ## - CÓDIGO DE ÁREA GEOGRÁFICA |
| Código de área geográfica |
en_UK |
| 041 ## - CÓDIGO DE LENGUA |
| Código de lengua del texto/banda sonora o título independiente |
eng |
| 245 #0 - MENCIÓN DE TÍTULO |
| Título |
Sherlock Holmes |
| 250 ## - MENCIÓN DE EDICIÓN |
| Mención de edición |
Simplified edition |
| 260 ## - PUBLICACIÓN, DISTRIBUCIÓN, ETC. |
| Lugar de publicación, distribución, etc. |
|
| Nombre del editor, distribuidor, etc. |
Oxford University Press, |
| Fecha de publicación, distribución, etc. |
2018 |
| 300 ## - DESCRIPCIÓN FÍSICA |
| Extensión |
68 p. |
| Otras características físicas |
ill. |
| Dimensiones |
20 cm. |
| 500 ## - NOTA GENERAL |
| Nota general |
more short stories |
| 520 ## - SUMARIO, ETC. |
| Sumario, etc. |
Sherlock Holmes is famous around the world. When the police cannot solve a crime, they turn to Holmes. ; He never misses a clue, and when he looks carefully at a person, he can understand everything about them. These are two of the best Sherlock Holmes stories. |
| 650 ## - PUNTO DE ACCESO ADICIONAL DE MATERIA--TÉRMINO DE MATERIA |
| Término de materia o nombre geográfico como elemento de entrada |
Sherlock Holmes |
| Subdivisión general |
Short stories |
| 9 (RLIN) |
12693 |
| 650 ## - PUNTO DE ACCESO ADICIONAL DE MATERIA--TÉRMINO DE MATERIA |
| Término de materia o nombre geográfico como elemento de entrada |
Languages |
| Subdivisión general |
learning |
| 9 (RLIN) |
12606 |
| 655 ## - TÉRMINO DE INDIZACIÓN--GÉNERO/FORMA |
| Datos o término principal de género/forma |
Novels |
| 9 (RLIN) |
22644 |
| 653 ## - TÉRMINO DE INDIZACIÓN--NO CONTROLADO |
| Término no controlado |
READING IN ENGLISH |
| 655 ## - TÉRMINO DE INDIZACIÓN--GÉNERO/FORMA |
| Datos o término principal de género/forma |
Literary classics |
| 9 (RLIN) |
24429 |
| 655 #0 - TÉRMINO DE INDIZACIÓN--GÉNERO/FORMA |
| Datos o término principal de género/forma |
Fiction |
| 9 (RLIN) |
22716 |
| 700 ## - ENTRADA AGREGADA--NOMBRE PERSONAL |
| Nombre de persona |
Guillem, |
| Término indicativo de función/relación |
Illustrator |
| 9 (RLIN) |
22158 |
| 700 ## - ENTRADA AGREGADA--NOMBRE PERSONAL |
| Nombre de persona |
Doyle, Arthur Conan |
| Término indicativo de función/relación |
Author |
| 9 (RLIN) |
12695 |
| 700 ## - ENTRADA AGREGADA--NOMBRE PERSONAL |
| Nombre de persona |
West, Clare |
| Término indicativo de función/relación |
Author |
| 9 (RLIN) |
12696 |
| 902 ## - ELEMENTOS DE DATOS B LOCAL, LDB (RLIN) |
| a |
1660 |
| 905 ## - ELEMENTOS DE DATOS E LOCAL, LDE (RLIN) |
| a |
m |
| 911 ## - EQUIVALENCIA O REFERENCIA-CRUZADA-NOMBRE DE CONFERENCIA O REUNIÓN/CONGRESO [LOCAL, CANADÁ] |
| Nombre de congreso/reunión o jurisdicción como elemento de entrada |
https://biblioteca.tbs-education.es/portadas/9780194024204.jpg |
| 912 ## - |
| -- |
2018-01-01 |
| 942 ## - ELEMENTOS DE ENTRADA AGREGADA (KOHA) |
| Código de la institución [OBSOLETO] |
1 |
| 953 ## - |
| -- |
2021-03-19 16:19:14 |